[Event "WchT Blitz Pool D"]
[Site "London"]
[Date "2025.06.14"]
[Round "6.6"]
[White "Morell, Edvin"]
[Black "Marton John, Almos Kiran"]
[Result "1-0"]
[WhiteElo "1944"]
[BlackElo "1987"]
[PlyCount "109"]
[EventDate "2025.06.14"]
[EventType "team-tourn"]
[EventRounds "13"]
[EventCountry "ENG"]
[SourceTitle "CB25_2025"]
[SourceDate "2025.06.18"]
[SourceVersion "1"]
[SourceVersionDate "2025.06.18"]
[SourceQuality "1"]
[WhiteTeam "Uppsala SSS"]
[BlackTeam "Team Hungary"]
[WhiteTeamCountry "SWE"]
[BlackTeamCountry "HUN"]

1. e4 e5 2. Nf3 Nc6 3. Bb5 a6 4. Ba4 Nf6 5. d3 d6 6. 0-0 g6 7. c3 Bg7 8. Re1 0-0 9. h3 h6 10. d4 Nd7 11. d5 Ne7 12. c4 a5 13. Bxd7 Bxd7 14. Nc3 f5 15. Rb1 f4 16. c5 g5 17. cxd6 cxd6 18. Qb3 Bc8 19. Nb5 Ng6 20. Qa3 Rf6 21. Nh2 h5 22. f3 Bf8 23. Bd2 Rf7 24. Rbc1 g4 25. hxg4 hxg4 26. Nxg4 Bxg4 27. fxg4 Qh4 28. Qh3 Qg5 29. Qh5 Qf6 30. g5 Qg7 31. Nc7 Ra7 32. Ne6 Qh7 33. Qxh7+ Rxh7 34. Rc8 Rf7 35. Rec1 Ra6 36. Re8 Rb6 37. b3 a4 38. b4 Rb5 39. Rcc8 Rb6 40. a3 Ra6 41. Kf2 b5 42. Kf3 Raa7 43. Rb8 Rab7 44. Nxf8 Nxf8 45. Rxf8+ Rxf8 46. Rxb7 Rf7 47. Rxb5 Rd7 48. Rb6 Re7 49. Rxd6 Rc7 50. Rc6 Rd7 51. b5 Rb7 52. b6 Rb8 53. d6 Kf7 54. d7 Ke7 55. Kf2 1-0

[Event "WchT Rapid"]
[Site "London"]
[Date "2025.06.12"]
[Round "8.6"]
[White "Morell, Edvin"]
[Black "Andries, Leia"]
[Result "1/2-1/2"]
[WhiteElo "1882"]
[BlackElo "1708"]
[PlyCount "155"]
[EventDate "2025.06.11"]
[EventType "team-swiss"]
[EventRounds "12"]
[EventCountry "ENG"]
[SourceTitle "CB25_2025"]
[SourceDate "2025.06.18"]
[SourceVersion "1"]
[SourceVersionDate "2025.06.18"]
[SourceQuality "1"]
[WhiteTeam "Uppsala SSS"]
[BlackTeam "Danish Futures"]
[WhiteTeamCountry "SWE"]
[BlackTeamCountry "DEN"]

1. e4 c5 2. Nf3 Nc6 3. d4 cxd4 4. Nxd4 Nf6 5. Nc3 e6 6. a3 Be7 7. Be3 d5 8. exd5 Nxd5 9. Nxc6 bxc6 10. Bd4 0-0 11. Bd3 Bf6 12. Be4 Ba6 13. Na4 Qa5+ 14. c3 Bxd4 15. Qxd4 Rad8 16. Nc5 Nf6 17. Qb4 Qb5 18. Qxb5 Bxb5 19. Bf3 Nd5 20. a4 Bc4 21. b3 Bxb3 22. Nxb3 Nxc3 23. Bxc6 Rb8 24. Nd2 Rfd8 25. Ne4 Nd5 26. 0-0 Rbc8 27. Bb5 Rc2 28. Rfc1 Rb2 29. Rcb1 Rc2 30. Bd3 Rc7 31. g3 Nb6 32. Bb5 Nd5 33. Rc1 Re7 34. Nd6 h6 35. Rc8 Rxc8 36. Nxc8 Rc7 37. Nd6 Nc3 38. Kg2 Kf8 39. Bd3 Nd5 40. Nb5 Rd7 41. Rc1 Nb6 42. Bc2 Nd5 43. Rd1 Rb7 44. Be4 Rd7 45. Nc3 Nb6 46. Rxd7 Nxd7 47. a5 Nc5 48. Bc6 Ke7 49. Kf3 Kd6 50. Ba8 a6 51. Ne4+ Nxe4 52. Bxe4 Kc5 53. Bd3 Kb4 54. Bxa6 Kxa5 55. Bd3 Kb4 56. Kf4 Kc5 57. Ke5 Kc6 58. g4 Kd7 59. h4 f6+ 60. Kf4 Kd6 61. Be4 g5+ 62. hxg5 hxg5+ 63. Ke3 Ke5 64. Bg6 f5 65. gxf5 exf5 66. Kf3 Kf6 67. Bh7 Ke5 68. Ke3 g4 69. Bg6 Kf6 70. Be8 Kg5 71. Bd7 f4+ 72. Ke2 Kh4 73. Kf1 f3 74. Kg1 g3 75. fxg3+ Kxg3 76. Kf1 f2 77. Bc6 Kh2 78. Kxf2 1/2-1/2